000
00277nam a2200097Ia 4500
082
_a
330 FRAN
245
0
_a
Principles of economics
100
_a
FRANK, Robert H. Boston, 2009 4th [international] ed
_9
76517
942
_c
BK
008
210817s9999 xx 000 0 und d
999
_c
254932
_d
254931